000 00519nam a2200193 a 4500
001 1766566528096
003 YourLibrary
005 20251226115021.0
008 251224s1990##################000#0#eng##
020 _a9780521438186
082 0 4 _a282.092
_bSOU
100 1 _aSouthern, Richard William,
_eauthor.
245 1 0 _aSt. Anselm :
260 _bCambridge University Press,
_c1990.
300 _a530 pages
650 0 _aBiography & Autobiography.
942 _cENGLISH
040 _aYourLibrary
_beng
_cYourLibrary
999 _c604713
_d604713